10 największych miast według półkuli Ziemi - Statystyki

Ogólne statystyki
  • Ten quiz został rozwiązany 3 607 razy
  • Średni wynik to 25 z 40
Odpowiedzi na mapie
Odpowiedzi zakodowano w zielono-czerwonej skali na mapie do tego quizu, zgodnie z poniższymi procentami.
 
Statystyki odpowiedzi
Półkula Populacja City % Poprawnych
Północna 14 800 000 Londyn
98%
Północna 22 100 000 Nowy Jork
96%
Północna 40 400 000 Tokio
95%
Północna 21 000 000 Kair
92%
Północna 23 000 000 Meksyk
92%
Północna 19 800 000 Pekin
92%
Północna 17 700 000 Los Angeles
91%
Południowa 5 300 000 Sydney
88%
Północna 24 800 000 Seul
87%
Południowa 13 200 000 Rio de Janeiro
83%
Południowa 16 400 000 Buenos Aires
82%
Północna 9 750 000 Chicago
81%
Północna 8 550 000 Waszyngton
78%
Północna 9 600 000 Bogota
76%
Południowa 4 000 000 Brasília
75%
Południowa 10 100 000 Lima
75%
Północna 7 850 000 San Francisco
74%
Północna 33 600 000 Szanghaj
74%
Południowa 7 200 000 Santiago
72%
Północna 30 300 000 Delhi
71%
Południowa 31 300 000 Dżakarta
69%
Północna 25 700 000 Manila
68%
Południowa 22 400 000 São Paulo
68%
Południowa 13 900 000 Johannesburg
64%
Północna 25 100 000 Mumbaj
63%
Północna 7 745 000 Toronto
63%
Południowa 4 980 000 Melbourne
62%
Północna 7 750 000 Boston
61%
Południowa 5 900 000 Nairobi
56%
Północna 20 200 000 Dhaka
53%
Południowa 12 400 000 Kinszasa
47%
Północna 46 700 000 Kanton
40%
Południowa 8 150 000 Luanda
38%
Południowa 5 000 000 Belo Horizonte
24%
Południowa 6 450 000 Dar es Salaam
23%
Południowa 3 800 000 Recife
18%
Południowa 3 680 000 Fortaleza
17%
Południowa 4 130 000 Porto Alegre
17%
Południowa 6 100 000 Surabaja
13%
Południowa 6 950 000 Bandung
11%
Nie znaleziono quizów pasujących do podanych kryteriów
Rozkład punktacji
Procent ludzi z każdym wynikiem
Percentyl według liczby udzielonych odpowiedzi
Twoja historia wyników
Nie rozwiązałeś tego quizu